LEADER 02951oam 22005774a 450 001 9910458133003321 005 20210111131203.0 010 $a1-282-90155-9 010 $a9786612901553 010 $a2-86978-419-8 010 $a2-86978-375-2 010 $a2-86978-292-6 035 $a(CKB)2560000000051537 035 $a(EBL)1135165 035 $a(OCoLC)741350895 035 $a(SSID)ssj0000442123 035 $a(PQKBManifestationID)11296775 035 $a(PQKBTitleCode)TC0000442123 035 $a(PQKBWorkID)10445435 035 $a(PQKB)10418271 035 $a(MdBmJHUP)muse22006 035 $a(MiAaPQ)EBC1135165 035 $a(EXLCZ)992560000000051537 100 $a20070910d2007 uy 0 101 0 $aeng 181 $ctxt 182 $cc 183 $acr 200 00$aScholars in the Marketplace. The Dilemmas of Neo-Liberal Reform at Makerere University, 1989-2005$eThe Dilemmas of Neo-Liberal Reform at Makerere University, 1989-2005 /$fMahmood Mamdani 210 1$aDakar, Senegal :$cCODESRIA, Council for the Development of Social Science Research in Africa,$d2007 210 3$aBaltimore, Md. :$cProject MUSE,$d2013 210 4$dİ2007 215 $a1 online resource (314 p.) 300 $aDescription based upon print version of record. 311 $a2-86978-201-2 320 $aIncludes bibliographical references (p. 270-289) and index. 327 $aFront Cover; Title Page; Copyright Page; Table of Contents; List of Tables; Preface and Acknowledgements; Chapter One - The reform Process: The First Phase; Chapter Two - Winners and Losers; Chapter Three - Commercialisation; Chapter Four - Decentralisation; Conclusion - Higher Education and the Public University in an Independent Africa; Bibliography; Index; Back Cover 330 $aScholars in the Marketplace is a case study of market-based reforms at Uganda's Makerere University. With the World Bank heralding neoliberal reform at Makerere as the model for the transformation of higher education in Africa, it has implications for the whole continent. At the global level, the Makerere case exemplifies the fate of public universities in a market-oriented and capital friendly era. The Makerere reform began in the 1990's and was based on the premise that higher education is more of a private than a public good. Instead of pitting the public against the private, and the state... 606 $aPrivatization in education$zUganda 606 $aEducation, Higher$xEconomic aspects$zUganda 608 $aElectronic books. 615 0$aPrivatization in education 615 0$aEducation, Higher$xEconomic aspects 676 $a378.6761 700 $aMamdani$b Mahmood$f1946-$0243990 801 0$bMdBmJHUP 801 1$bMdBmJHUP 906 $aBOOK 912 $a9910458133003321 996 $aScholars in the Marketplace. The Dilemmas of Neo-Liberal Reform at Makerere University, 1989-2005$92446013 997 $aUNINA